[Event "1st WMSG Rapid Pair"]
[Site "Beijing CHN"]
[Date "2008.10.09"]
[Round "3"]
[White "Naiditsch,A"]
[Black "Matamoros Franco,C"]
[Result "0-1"]
[WhiteElo "2678"]
[BlackElo "2525"]

1.e4 d6 2.d4 Nf6 3.Nc3 e5 4.Nge2 Be7 5.g3 O-O 6.Bg2 c6 7.a4 Nbd7 8.O-O Re8
9.a5 Rb8 10.h3 b5 11.axb6 axb6 12.g4 h6 13.Ng3 Bf8 14.Nf5 b5 15.f4 b4 16.Ne2 exd4
17.Nexd4 Bb7 18.g5 hxg5 19.fxg5 Nxe4 20.Qg4 c5 21.g6 Nef6 22.Qg3 Bxg2 23.Qxg2 cxd4
24.Bh6 fxg6 25.Bxg7 Kh7 26.Rf4 Nh5 27.Rh4 Re5 28.Bxe5 dxe5 29.Ra7 Rc8 30.Kh1 Rc7
31.Ra8 Qf6 32.Rxh5+ gxh5 33.Qe4 Qc6 34.Qxc6 Rxc6 35.Ra7 Kg6 36.Nh4+ Kg5 37.Nf3+ Kf4
38.Ne1 Rd6 39.Nd3+ Kf5 40.Nxb4 e4 41.Kg2 d3 42.cxd3 exd3 43.Ra1 Rg6+  0-1

[Event "Chigorin Memorial"]
[Site "St Petersburg RUS"]
[Date "2008.10.09"]
[Round "7"]
[White "Lanin,A"]
[Black "Konenkin,D"]
[Result "1-0"]
[WhiteElo "2465"]
[BlackElo "2296"]

1.e4 d6 2.d4 Nf6 3.Nc3 e5 4.Nf3 Nbd7 5.Bc4 Be7 6.O-O O-O 7.a4 c6 8.Re1 b6
9.Ba2 a6 10.dxe5 dxe5 11.Nh4 Nxe4 12.Nxe4 Bxh4 13.Qh5 Qe7 14.g4 h6 15.Bxh6 Nc5
16.Bg5  1-0

[Event "Chigorin Memorial"]
[Site "St Petersburg RUS"]
[Date "2008.10.09"]
[Round "7"]
[White "Solovjova,V"]
[Black "Gubajdullin,A"]
[Result "0-1"]
[WhiteElo "2303"]
[BlackElo "2462"]

1.e4 d6 2.d4 Nf6 3.Nc3 e5 4.Nf3 Nbd7 5.Bc4 Be7 6.O-O O-O 7.Re1 c6 8.a4 b6
9.Bg5 a6 10.d5 c5 11.Bf1 Ne8 12.Bxe7 Qxe7 13.g3 g6 14.Qd2 Ndf6 15.Qg5 Kg7
16.Nd2 Nxd5 17.Qxe7 Nxe7 18.Nc4 Rb8 19.Rad1 Nc6 20.Nxd6 Nd4 21.Nxc8 Nf3+
22.Kg2 Nxe1+ 23.Rxe1 Rxc8 24.Bxa6 Rd8 25.Nd5 Rd6 26.Re3 f5 27.f3 Nf6 28.Bc4 Nxd5
29.Bxd5 fxe4 30.Bxe4 Rd4 31.b3 Rd2+ 32.Kh3 h5 33.Rc3 Kf6 34.a5 g5 35.axb6 g4+
36.fxg4 Kg5 37.gxh5 Rff2 38.g4 Kf4 39.Bg2 Rxg2 40.Rc4+ e4 41.Rxe4+ Kxe4  0-1

[Event "Chigorin Memorial"]
[Site "St Petersburg RUS"]
[Date "2008.10.09"]
[Round "7"]
[White "Balakirev,I"]
[Black "Prelovskij,R"]
[Result "1-0"]
[WhiteElo "2243"]
[BlackElo "2137"]

1.e4 d6 2.d4 Nf6 3.Nc3 c6 4.Bc4 b5 5.Bb3 e5 6.Nf3 Qc7 7.Ne2 Be7 8.c3 O-O
9.O-O a6 10.Ng3 Re8 11.a4 Bb7 12.Nf5 Bf8 13.Bg5 Nbd7 14.dxe5 dxe5 15.Nd2 h6
16.Bh4 g6 17.Ne3 Bg7 18.Bg3 Nc5 19.Bc2 Rad8 20.Qe2 Ne6 21.Rfd1 Nh5 22.Qf1 Nhf4
23.Nb3 Rxd1 24.Rxd1 Rd8 25.Bh4 Rd7 26.g3 Nh5 27.Qe2 Bf8 28.Rd2 Bc8 29.axb5 axb5
30.Bd1 Bg7 31.Rxd7 Bxd7 32.Qd2 Nf6 33.Bxf6 Bxf6 34.Ng4 Bg5  1-0

[Event "TCh-AUT 2nd Bundesliga Mitte 2008-9"]
[Site "Austria AUT"]
[Date "2008.10.11"]
[Round "1"]
[White "Skoberne,J"]
[Black "Horvath,Jo1"]
[Result "1-0"]
[WhiteElo "2501"]
[BlackElo "2542"]

1.e4 d6 2.d4 Nf6 3.Nc3 e5 4.Nf3 Nbd7 5.Bc4 Be7 6.a4 c6 7.a5 O-O 8.O-O Rb8
9.Re1 b5 10.axb6 axb6 11.Bf1 Bb7 12.b3 Re8 13.Bb2 b5 14.Bd3 Bf8 15.Ne2 Qc7
16.Ng3 b4 17.Qd2 c5 18.dxe5 dxe5 19.Qe2 Ra8 20.h3 h6 21.Nd2 Rxa1 22.Rxa1 Ra8
23.Rxa8 Bxa8 24.Nc4 Nh7 25.Bc1 Be7 26.Nf5 Bg5 27.Bb2 Nhf8 28.h4 Bf6 29.Ncd6 Ne6
30.Qg4 Kf8 31.Bc4 Nb6 32.Bxe6 fxe6 33.Qg6 Bc6 34.Nxh6 Qe7 35.Nhf7 Be8 36.Nxe8 Qxf7
37.Qxf7+ Kxf7 38.Nxf6 gxf6 39.Bc1 c4 40.Be3 cxb3 41.cxb3 Nd7 42.f3 f5 43.Kf2 Nf6
44.exf5 exf5 45.Bd2 Nd5 46.g4 Kf6 47.h5 fxg4 48.fxg4 e4 49.Be3 Ke5 50.Bg5 Ke6
51.Kg3 Kf7 52.Bf4 Kf6 53.Bc1 Nc3 54.g5+ Kf5 55.g6 Kf6 56.Bb2 Kg7 57.Kf4 Kh6
58.Bxc3 bxc3 59.Ke3  1-0

[Event "1st WMSG Rapid Pair"]
[Site "Beijing CHN"]
[Date "2008.10.11"]
[Round "9"]
[White "Zhang Zhong"]
[Black "Matamoros Franco,C"]
[Result "0-1"]
[WhiteElo "2649"]
[BlackElo "2525"]

1.e4 d6 2.d4 Nf6 3.Nc3 e5 4.Nf3 Nbd7 5.Bc4 Be7 6.O-O O-O 7.Re1 c6 8.a4 b6
9.Ba2 a6 10.Bg5 Rb8 11.Nh4 exd4 12.Qxd4 Nc5 13.Nf5 Bxf5 14.exf5 a5 15.Bf4 Rc8
16.Re2 d5 17.Rae1 Re8 18.Bg5 Qd7 19.g4 Bd8 20.Bh4 Rxe2 21.Rxe2 Ne8 22.Bg3 Bf6
23.Qd2 Nd6 24.f3 h6 25.Qf4 Ncb7 26.h4 h5 27.Bf2 hxg4 28.fxg4 Re8 29.Rxe8+ Qxe8
30.Nd1 Qe2 31.Ne3 Ne4 32.g5 Be5  0-1

[Event "1st WMSG Blitz Team w"]
[Site "Beijing CHN"]
[Date "2008.10.13"]
[Round "1"]
[White "Panella,F"]
[Black "Arutyunova,D"]
[Result "1/2-1/2"]
[WhiteElo "2004"]
[BlackElo "2274"]

1.e4 d6 2.d4 Nf6 3.Nc3 c6 4.f3 Nbd7 5.Be3 e5 6.Nge2 Qa5 7.Qd2 b5 8.g4 Nb6
9.Ng3 b4 10.Nd1 Ba6 11.Bxa6 Qxa6 12.b3 c5 13.d5 Nfd7 14.Nb2 Qc8 15.Qe2 a5
16.a3 a4 17.axb4 axb3 18.Rxa8 Qxa8 19.Kf2 cxb4 20.cxb3 Be7 21.Nd3 Qa3 22.Rb1 O-O
23.Nf5 Re8 24.Qb2 Qxb2+ 25.Rxb2 Nc5 26.Nxc5 dxc5 27.Nxe7+ Rxe7 28.Bxc5 Rb7
29.Bxb6 Rxb6 30.Rc2 Kf8 31.Ke3 Ke7 32.Rc4 Kd6 33.Kd3 g6 34.h4 f5 35.gxf5 gxf5
36.Rc6+ Rxc6 37.dxc6 fxe4+ 38.Kc4 h5 39.fxe4 Kc7 40.Kd5 Kb6 41.Kxe5 Kb5 42.c7  1/2-1/2

[Event "1st WMSG Blitz Team"]
[Site "Beijing CHN"]
[Date "2008.10.13"]
[Round "4"]
[White "Espinosa Flores,R"]
[Black "Briestensky,R"]
[Result "1-0"]
[WhiteElo "2412"]
[BlackElo "2383"]

1.e4 d6 2.d4 Nf6 3.Nc3 c6 4.f4 Qa5 5.Bd3 e5 6.Nf3 Nbd7 7.O-O Be7 8.Kh1 O-O
9.a4 Re8 10.Bd2 Qc7 11.Bc4 exd4 12.Nxd4 Nc5 13.Qf3 Bf8 14.Rae1 a5 15.b3 Nfd7
16.Bxf7+ Kxf7 17.Qh5+ Ke7 18.Ndb5 Qb6 19.Nxd6 Kxd6  1-0

[Event "1st WMSG Blitz Team w"]
[Site "Beijing CHN"]
[Date "2008.10.13"]
[Round "5"]
[White "Yanjindulam,D"]
[Black "Arutyunova,D"]
[Result "1-0"]
[WhiteElo "2286"]
[BlackElo "2274"]

1.e4 d6 2.d4 Nf6 3.Nc3 c6 4.f4 Qa5 5.Bd3 e5 6.fxe5 dxe5 7.dxe5 Ng4 8.h3 Nxe5
9.Bf4 Bb4 10.Qd2 Be6 11.a3 Nbd7 12.Nf3 Nxf3+ 13.gxf3 Be7 14.O-O-O b5 15.Ne2 b4
16.Nd4 Qa4 17.Nxe6 fxe6 18.Bc4 Rd8 19.Bb3 Qa6 20.Bc7 O-O 21.Bxe6+ Kh8 22.Bxd8 bxa3
23.Qxd7 axb2+ 24.Kxb2 Ba3+ 25.Kc3 Qb5 26.Rb1 Qe5+ 27.Kd2 Qf4+ 28.Kc3 Qxf3+
29.Qd3 Qf4 30.Be7 Bxe7 31.Rhf1 Bf6+ 32.Kb3 Rb8+ 33.Ka2 Rd8 34.Ka3  1-0

[Event "1st WMSG Blitz Team"]
[Site "Beijing CHN"]
[Date "2008.10.13"]
[Round "6"]
[White "Greet,A"]
[Black "Borgo,G"]
[Result "1-0"]
[WhiteElo "2440"]
[BlackElo "2426"]

1.e4 d6 2.d4 Nf6 3.Nc3 Nbd7 4.g4 h6 5.h3 e5 6.Bg2 c6 7.Nge2 b5 8.a3 a5 9.O-O Ba6
10.d5 c5 11.a4 b4 12.Nb5 Nb6 13.f4 Nxa4 14.fxe5 dxe5 15.Rxf6 Bxb5 16.Rf5 Bd6
17.c4 bxc3 18.Rxa4 cxb2 19.Bxb2 Bxa4 20.Qxa4+ Qd7 21.Qxd7+ Kxd7 22.Rxf7+ Ke8
23.Rxg7 a4 24.Ba3 Rb8 25.Ng3 Rb3 26.Nf5 Bf8 27.Ra7 Rxa3 28.Bf1 Ra1 29.Kf2 a3
30.Bb5+ Kd8 31.d6 a2 32.Ra8+  1-0

[Event "1st WMSG Blitz Team"]
[Site "Beijing CHN"]
[Date "2008.10.13"]
[Round "7"]
[White "Rasmussen,A"]
[Black "Borgo,G"]
[Result "1-0"]
[WhiteElo "2513"]
[BlackElo "2426"]

1.e4 d6 2.d4 Nf6 3.Nc3 Nbd7 4.Nge2 e5 5.h3 c6 6.a4 Qc7 7.Be3 b6 8.g4 h6 9.Bg2 a6
10.O-O Rb8 11.f4 b5 12.axb5 axb5 13.Ng3 b4 14.Nce2 h5 15.g5 h4 16.Nf5 Nh5
17.fxe5 dxe5 18.Nxh4 exd4 19.Bxd4 Ng3 20.Nxg3 Qxg3 21.Nf3 Bc5 22.Bxc5 Nxc5
23.Qd4 Ne6 24.Qe5 Qxe5 25.Nxe5 c5 26.Nxf7 Rh4 27.Nd6+ Kd7 28.Nxc8 Rxc8 29.e5 Nd4
30.Ra7+ Ke6 31.Rxg7 Kxe5 32.Re1+ Kf5 33.Rf1+ Ke5 34.Re7+ Kd6 35.Re3 Rd8 36.Rf6+ Kc7
37.g6 Rh6 38.Re7+ Rd7 39.Rxd7+ Kxd7 40.g7 Rxf6 41.g8=Q c4  1-0

[Event "1st WMSG Blitz Team"]
[Site "Beijing CHN"]
[Date "2008.10.13"]
[Round "8"]
[White "Friedel,J"]
[Black "Savickas,A"]
[Result "1-0"]
[WhiteElo "2498"]
[BlackElo "2358"]

1.e4 d6 2.d4 Nf6 3.Nc3 c6 4.f4 Qa5 5.Bd3 e5 6.Nf3 Nbd7 7.O-O Be7 8.Kh1 O-O
9.Be3 Re8 10.Qe1 Qc7 11.fxe5 dxe5 12.dxe5 Ng4 13.Bf4 Ngxe5 14.Qg3 Bf6 15.Nd4 Nc5
16.Bh6 Qe7 17.Nf5 Bxf5 18.Rxf5 Kh8 19.Raf1 Ng6 20.Be3 Nd7 21.Ne2 Be5 22.Qh3 f6
23.Rh5 Ngf8 24.Nf4 Kg8 25.Bc4+  1-0

[Event "1st WMSG Blitz Team w"]
[Site "Beijing CHN"]
[Date "2008.10.13"]
[Round "9"]
[White "Al Rufei,EH"]
[Black "Mira,H"]
[Result "1/2-1/2"]
[WhiteElo "2140"]
[BlackElo "2115"]

1.e4 d6 2.d4 Nf6 3.Nc3 c6 4.Nf3 Bg4 5.h3 Bh5 6.Be2 e6 7.O-O Bxf3 8.Bxf3 d5
9.e5 Nfd7 10.Re1 c5 11.Ne2 cxd4 12.Nxd4 Nc6 13.Bf4 Nxd4 14.Qxd4 Qc7 15.c3 Bc5
16.Qd2 O-O 17.Bd1 b5 18.Qe2 a6 19.Bc2 Rfc8 20.Qh5 Nf8 21.Be3 b4 22.Bxc5 Qxc5
23.Re3 bxc3 24.Rxc3 Qb6 25.Rxc8 Rxc8 26.Bb3 Qd4 27.Qe2 Ng6 28.Qxa6 Rf8 29.Qe2 Qxe5
30.Qxe5 Nxe5 31.Bc2 Rc8 32.Bd1 Nc4 33.b3 Na3 34.Kf1 e5 35.Ke2 f5 36.b4 Kf7
37.Bb3 Ke6 38.Rd1 Rd8 39.Ba4 Rb8 40.Rd3 Nc4 41.Rb3 Nb6 42.Bc6 Kd6 43.b5 e4
44.Ra3 d4 45.Ra7 d3+ 46.Kd1 Nc4 47.Rxg7 Ne5 48.Rxh7 Nxc6 49.Rh6+ Kc5 50.Rxc6+ Kxb5
51.Rf6 Kc4 52.Rxf5 Rb1+ 53.Kd2 Rb2+ 54.Kd1 Rxa2 55.Rf8 Kc3 56.Rc8+ Kd4 57.Rd8+ Kc3
58.Rc8+ Kd4 59.Rd8+ Ke5 60.Re8+ Kd4 61.Rd8+ Ke5 62.Re8+ Kf4 63.Rf8+ Ke5 64.h4 Kd4
65.Rd8+ Kc3 66.Rc8+ Kd4 67.Rd8+ Ke5 68.Re8+ Kd4 69.Rf8 Kc3 70.Rc8+ Kd4 71.Rd8+ Kc3
72.Rc8+ Kd4 73.Rd8+ Ke5 74.Re8+ Kf4 75.Rf8+ Kg4 76.g3 Ra1+ 77.Kd2 Ra2+ 78.Kd1 Re2
79.Rf4+ Kh5 80.Rf5+ Kg6 81.g4 Ra2 82.h5+ Kg7 83.Rf4 Re2 84.g5 e3 85.fxe3 Rxe3
86.Kd2 Rg3 87.Rf5 Rh3 88.h6+ Kg6 89.Rd5 Rg3 90.Re5 Rh3 91.Rd5 Rg3 92.Ra5 Rh3
93.Rd5 Rg3 94.Rc5 Rh3 95.Rb5 Rg3 96.Rd5 Rh3 97.Rc5 Rg3 98.Rb5 Rh3 99.Rb6+ Kxg5
100.Rd6 Kf5 101.Rxd3 Rxh6 102.Rf3+ Ke5  1/2-1/2

[Event "1st WMSG Blitz Team"]
[Site "Beijing CHN"]
[Date "2008.10.13"]
[Round "10"]
[White "Rasmussen,A"]
[Black "Savickas,A"]
[Result "1-0"]
[WhiteElo "2513"]
[BlackElo "2358"]

1.e4 d6 2.d4 Nf6 3.Nc3 e5 4.Nge2 c6 5.a4 Be7 6.g3 O-O 7.Bg2 Re8 8.h3 Bf8
9.Be3 Nbd7 10.O-O Qc7 11.Qd2 b6 12.g4 g6 13.f4 exd4 14.Bxd4 Bg7 15.Ng3 Nc5
16.g5 Nfd7 17.Bxg7 Kxg7 18.Qd4+ Kg8 19.f5 Ne5 20.Rad1 Ba6 21.Rf2 Qe7 22.h4 Rad8
23.b4 Ncd7 24.Qxd6 Qxd6 25.Rxd6 Nc4 26.Rxc6 Nde5 27.Rc7 Rd7 28.Nd5 Kf8 29.fxg6 hxg6
30.Rxd7 Nxd7 31.Nc7 Bb7 32.Nxe8 Kxe8 33.h5 gxh5 34.Nxh5 b5 35.axb5 Nde5 36.Nf6+ Kd8
37.Rf1 Kc7 38.Nd5+ Kd6 39.Rf6+ Kd7 40.Bh3+ Ke8 41.Kf2 Na3 42.b6 a6 43.Rd6 Nb5
44.Nc7+ Ke7 45.Nxb5 axb5 46.Rd4 Bc6 47.Bf5 Ke8 48.Rd6 Bb7 49.g6 fxg6 50.Bxg6+ Ke7
51.Rd1 Nc4 52.Bf5 Nxb6 53.Ke3 Bc6 54.Kf4 Nc4 55.Rh1 Kd6 56.Rh6+ Kc7 57.e5 Na3
58.Rh7+ Kd8 59.e6 Nc4 60.e7+  1-0

[Event "1st WMSG Blitz Team"]
[Site "Beijing CHN"]
[Date "2008.10.13"]
[Round "10"]
[White "Kulaots,K"]
[Black "Borgo,G"]
[Result "1/2-1/2"]
[WhiteElo "2556"]
[BlackElo "2426"]

1.e4 d6 2.d4 Nf6 3.Nc3 Nbd7 4.Nf3 e5 5.Bc4 Be7 6.O-O O-O 7.Re1 c6 8.a4 b6
9.b3 a6 10.d5 cxd5 11.Nxd5 Bb7 12.Ba3 Bxd5 13.Qxd5 Qc7 14.Rac1 Qc6 15.Qd2  1/2-1/2

[Event "1st WMSG Blitz Team"]
[Site "Beijing CHN"]
[Date "2008.10.13"]
[Round "11"]
[White "Schneider,Dm"]
[Black "Briestensky,R"]
[Result "1-0"]
[WhiteElo "2487"]
[BlackElo "2383"]

1.e4 d6 2.d4 Nf6 3.Nc3 c6 4.Nf3 b5 5.a3 a6 6.Bd3 Qc7 7.e5 Nd5 8.Ne4 e6 9.exd6 Bxd6
10.Nxd6+ Qxd6 11.O-O Nd7 12.Re1 c5 13.Be4 Bb7 14.Ng5 h6 15.Qh5 Qe7 16.dxc5 N7f6
17.Qh3 O-O 18.Bxd5 Bxd5 19.Nf3 Qxc5 20.Be3 Qxc2 21.Bd4 Bxf3 22.Qxf3 Nd5 23.Qg3 Qh7
24.Re4 Rac8 25.Bxg7 Qxe4 26.Bxf8+ Qg6 27.Bxh6 Qxg3 28.hxg3 Rc2 29.b4 Nb6
30.Be3 Nc4 31.Bd4 Rd2 32.Bf6 Rd3 33.g4 Rxa3 34.Rd1 Kh7 35.g5 Kg6 36.g4 Nb6
37.Rd8 Nd5 38.Rg8+ Kh7 39.Rg7+ Kh8 40.Rxf7+ Nxf6 41.gxf6 Rb3 42.g5 Rxb4 43.f3 Kg8
44.Ra7 Rf4 45.Kg2 Rf5 46.Rg7+ Kf8 47.Kg3 a5 48.Kg4 a4 49.Ra7 Kg8 50.f4 Kf8
51.Kh5 Rxf4 52.Kg6 Ke8 53.f7+ Kd8 54.Kg7 b4 55.Rxa4 Ke7 56.Ra7+ Kd6 57.f8=Q+ Kd5  1-0

[Event "1st WMSG Blitz Team"]
[Site "Beijing CHN"]
[Date "2008.10.13"]
[Round "11"]
[White "Nolte,R"]
[Black "Nguyen Ngoc Truong Son"]
[Result "0-1"]
[WhiteElo "2489"]
[BlackElo "2567"]

1.e4 d6 2.d4 Nf6 3.Nc3 Nbd7 4.Nf3 e5 5.Bc4 Be7 6.O-O O-O 7.a4 c6 8.h3 h6
9.Re1 Nh7 10.a5 Ng5 11.Nxg5 hxg5 12.d5 a6 13.Be3 g6 14.Qd2 Kg7 15.Na4 f5
16.f3 fxe4 17.fxe4 Rh8 18.Rf1 Nf6 19.dxc6 bxc6 20.Nb6 Rb8 21.Bxg5 d5 22.exd5 Rxb6
23.axb6 cxd5 24.Bxf6+ Bxf6 25.Qxd5 Qxb6+ 26.Kh1 Rxh3+ 27.gxh3 Bb7 28.b3 Bxd5+
29.Bxd5 e4 30.Rae1 e3 31.Rf3 Qa5 32.Rexe3 Qxd5 33.Rd3 Qc6 34.c4 Qe4 35.Re3 Qb1+
36.Kg2 Qc1 37.Re4 Qc2+  0-1

[Event "1st WMSG Blitz Team KO"]
[Site "Beijing CHN"]
[Date "2008.10.14"]
[Round "1.1"]
[White "Kravtsiv,M"]
[Black "Ruck,R1"]
[Result "0-1"]
[WhiteElo "2549"]
[BlackElo "2574"]

1.e4 d6 2.d4 Nf6 3.Nc3 e5 4.Nf3 Nbd7 5.Bc4 Be7 6.O-O O-O 7.a4 c6 8.Re1 b6
9.d5 cxd5 10.Nxd5 Bb7 11.b3 Rc8 12.Re2 Nc5 13.Nxf6+ Bxf6 14.Bd5 Qd7 15.Ba3 Bxd5
16.Qxd5 Rfd8 17.Rd1 Ne6 18.Qb5 Nf4 19.Red2 Qg4 20.Qf1 d5 21.exd5 e4 22.Ne1 Bc3
23.d6 Bxd2 24.Rxd2 Rc3 25.Kh1 e3 26.fxe3 Rxe3 27.Rf2 Rde8 28.Nf3 Re2 29.h3 Qd7
30.Rxe2 Nxe2 31.Qf2 Nf4 32.Kh2 Re2 33.Qh4 Nxg2 34.Qg4 Ne3+  0-1

[Event "1st WMSG Rapid Team"]
[Site "Beijing CHN"]
[Date "2008.10.14"]
[Round "2"]
[White "Espinosa Flores,R"]
[Black "Czebe,A"]
[Result "1/2-1/2"]
[WhiteElo "2412"]
[BlackElo "2468"]

1.e4 d6 2.d4 Nf6 3.Nc3 e5 4.dxe5 dxe5 5.Qxd8+ Kxd8 6.Bc4 Be6 7.Bxe6 fxe6
8.Bg5 Nc6 9.O-O-O+ Bd6 10.Nge2 Ke7 11.f3 a6 12.Kb1 b5 13.Nc1 Rhb8 14.Nd3 a5
15.Ne2 a4 16.Rhe1 Rd8 17.g3 Nb8 18.f4 h6 19.fxe5 hxg5 20.exd6+ cxd6 21.Nd4 Nfd7
22.Nxb5 Nc6 23.a3 Nde5 24.Nxe5 Nxe5 25.Nd4 Rdc8 26.Ne2 Rab8 27.Kc1 Nc4 28.Rd3 Rxb2
29.Nc3 Rcb8 30.Kd1 g4 31.Nxa4 Ra2 32.Rc3 Ne5 33.Rf1 Nf3 34.Ke2 Ra8 35.Rc7+ Ke8
36.Rb1 Rxa3 37.Rbb7 R3xa4 38.Re7+ Kf8 39.Rf7+ Ke8 40.Rfe7+ Kf8 41.Rf7+ Ke8
42.Rfe7+ Kf8 43.Rf7+ Ke8  1/2-1/2

[Event "1st WMSG Rapid Team"]
[Site "Beijing CHN"]
[Date "2008.10.15"]
[Round "3"]
[White "Smerdon,D"]
[Black "Likavsky,T"]
[Result "1/2-1/2"]
[WhiteElo "2470"]
[BlackElo "2498"]

1.e4 d6 2.d4 Nf6 3.Nc3 e5 4.Nf3 Nbd7 5.Bc4 Be7 6.Bb3 O-O 7.g4 exd4 8.Nxd4 Nc5
9.f3 Nxb3 10.axb3 d5 11.g5 dxe4 12.gxf6 Bxf6 13.Be3 Bh4+ 14.Ke2 c5 15.Nxe4 cxd4
16.Qxd4 Qc7 17.Rag1 f5 18.Qd5+ Kh8 19.Rxg7 Qxg7 20.Bd4 fxe4 21.Bxg7+ Kxg7
22.Rg1+ Kh8 23.Rg8+  1/2-1/2

[Event "1st WMSG Rapid Team"]
[Site "Beijing CHN"]
[Date "2008.10.15"]
[Round "4"]
[White "Goh Weiming"]
[Black "Hoang Canh Huan"]
[Result "1-0"]
[WhiteElo "2420"]
[BlackElo "2363"]

1.e4 d6 2.d4 Nf6 3.Nc3 e5 4.Nf3 Nbd7 5.Bc4 Be7 6.O-O O-O 7.Re1 c6 8.a4 h6
9.b3 Re8 10.Bb2 Nh7 11.dxe5 dxe5 12.Ne2 Bb4 13.c3 Bf8 14.Ng3 Qc7 15.Qc2 Nc5
16.Nh4 Be6 17.Bxe6 Nxe6 18.Bc1 g6 19.Be3 Nf4 20.Rad1 Ng5 21.Ne2 b6 22.g3 Nfe6
23.Kg2 Bc5 24.Bc1 Rad8 25.Rxd8 Qxd8 26.Ng1 a5 27.Ngf3 Qf6 28.h3 Rd8 29.Nh2 h5
30.N4f3 Nh7 31.h4 b5 32.Qe2 Rb8 33.Rd1 b4 34.cxb4 Rxb4 35.Ba3 Rb8 36.Bb2 Nd4
37.Bxd4 exd4 38.Qc2 Qe7 39.Nxd4 Bxd4 40.Rxd4 Nf6  1-0

[Event "1st WMSG Rapid Team"]
[Site "Beijing CHN"]
[Date "2008.10.15"]
[Round "4"]
[White "Li Chao2"]
[Black "Czebe,A"]
[Result "1-0"]
[WhiteElo "2622"]
[BlackElo "2468"]

1.e4 d6 2.d4 Nf6 3.Nc3 e5 4.Nf3 Nbd7 5.g4 Nxg4 6.Rg1 Ngf6 7.Bc4 h6 8.Be3 c6
9.dxe5 dxe5 10.Qd3 Qc7 11.O-O-O g6 12.Bxf7+ Kxf7 13.Qc4+ Ke8 14.Nb5 Qd8 15.Qe6+ Qe7
16.Nd6+ Kd8 17.Nf7+ Kc7 18.Qxe7 Bxe7 19.Nxh8 g5 20.Nf7 Nxe4 21.Nxh6 Nb6 22.Nxg5 Nd6
23.Ngf7 Nbc4 24.Nxd6 Bxd6 25.Rg7+ Bd7 26.Nf5 b6  1-0

[Event "1st WMSG Rapid Team"]
[Site "Beijing CHN"]
[Date "2008.10.15"]
[Round "4"]
[White "Cooper,L"]
[Black "Savickas,A"]
[Result "1/2-1/2"]
[WhiteElo "2313"]
[BlackElo "2358"]

1.e4 d6 2.d4 Nf6 3.Nc3 c6 4.a4 Qa5 5.Bd3 e5 6.Ne2 Be7 7.O-O O-O 8.Kh1 Re8
9.f4 Bg4 10.fxe5 dxe5 11.dxe5 Nfd7 12.e6 fxe6 13.Qe1 Bxe2 14.Bxe2 Bg5 15.e5 Bxc1
16.Rxc1 Nxe5 17.Qh4 Qd8 18.Qh3 Nbd7 19.Ne4 Qe7 20.Qb3 Nf6 21.Ng5 h6 22.Nh3 Rad8
23.Qe3 Neg4 24.Qg3 Qd6 25.Nf4 e5 26.Bxg4 exf4 27.Rxf4 Nxg4 28.Qxg4 Qe6 29.Qh5 Qe1+
30.Rf1 Qe5 31.Qf7+ Kh7 32.Qxb7 Re6 33.Qxa7 Rd2 34.Qf7 Rg6 35.Rg1 Qxb2 36.Qf5 Rd5
37.Qe4 Re5 38.Qd3 Rd5 39.Qe4 Re5 40.Qd3 Rd5 41.Qb3 Qe5 42.Rce1 Qg5 43.Qe3 Rd2
44.Qxg5 Rxg5 45.c4 Ra5 46.Ra1 Rc2 47.h3 Rxc4 48.Rgc1 Raxa4 49.Rxc4 Rxc4 50.Kh2 Rc2
51.Kg3 Kg6 52.Kf3 Kf6 53.Ra7 g6 54.Rc7 h5 55.g3 Rc3+ 56.Kf2 Kf5 57.Rg7 g5
58.Rh7 Kg6 59.Rc7 g4 60.hxg4 hxg4 61.Rc8 Kf5 62.Rf8+ Ke6 63.Rf4 Rc2+ 64.Ke3 Rc3+
65.Ke4  1/2-1/2

[Event "1st WMSG Rapid Team"]
[Site "Beijing CHN"]
[Date "2008.10.15"]
[Round "4"]
[White "Kristjansson,St"]
[Black "Briestensky,R"]
[Result "1-0"]
[WhiteElo "2474"]
[BlackElo "2383"]

1.e4 d6 2.d4 Nf6 3.Nc3 c6 4.h3 Qc7 5.Nf3 e5 6.Be3 b5 7.Bd3 a6 8.a4 Bb7 9.axb5 axb5
10.d5 b4 11.dxc6 Rxa1 12.Qxa1 Bxc6 13.Nb5 Qb7 14.Qa5 Be7 15.Nc7+ Kf8 16.Nd2 Kg8
17.Na6 Nxa6 18.Bxa6 Qa8 19.O-O Nxe4 20.Qc7 Bd8 21.Qc8 Nxd2 22.Bxd2 Bxg2 23.Qd7 h5
24.Bc4 d5 25.Bd3 e4 26.Qe8+ Kh7 27.Qxf7 Bf3 28.Qxf3 exd3 29.Qxd3+ g6 30.Qe3 Qc6
31.Re1 Rf8 32.Bxb4 Rf7 33.Bc3 Bb6 34.Bd4 Bxd4 35.Qxd4 Qxc2 36.Re8 Rg7 37.Re5 Rd7
38.Kg2 Qc4 39.Qe3 d4 40.Qe4 Kg7 41.Re6 Qd5  1-0

[Event "Ugra Cup"]
[Site "Khantiy Mansiysk RUS"]
[Date "2008.10.15"]
[Round "1"]
[White "Alikhanov,F"]
[Black "Bocharov,D"]
[Result "1/2-1/2"]
[WhiteElo "2438"]
[BlackElo "2597"]

1.e4 d6 2.d4 Nf6 3.Nc3 e5 4.dxe5 dxe5 5.Qxd8+ Kxd8 6.Bg5 Be6 7.g3 Kc8 8.f4 Bb4
9.Bxf6 gxf6 10.O-O-O Bxc3 11.bxc3 exf4 12.gxf4 Re8 13.Bd3 Bg4 14.Rd2 Nd7
15.Rg2 Bh5 16.Rg7 Nc5 17.Nh3 Kd7 18.f5 Kc6 19.Nf4 Bf3 20.Re1 Bxe4 21.Rxf7 Bxd3
22.Rxf6+ Kb5 23.Rxe8 Rxe8 24.Nxd3 Nxd3+ 25.cxd3 Re3 26.Rf7 Kc6 27.Rxh7 Rxd3
28.Kc2 Rf3 29.Rh6+ Kd5 30.f6 b5 31.Kd2 Ke6 32.Rh7 Rxf6 33.Rxc7 Rf2+ 34.Kd3 Rxa2
35.Rb7 a6 36.h4 Kd5 37.h5 Kc5 38.h6 Rh2 39.h7 a5 40.Rg7 a4 41.Rg5+ Kb6 42.Rg6+ Ka5
43.Rg7 b4 44.Rg5+ Kb6 45.cxb4 a3 46.Ra5 Rxh7  1/2-1/2

[Event "1st WMSG Rapid Team"]
[Site "Beijing CHN"]
[Date "2008.10.16"]
[Round "7"]
[White "Mahjoob,M"]
[Black "Ruck,R1"]
[Result "0-1"]
[WhiteElo "2507"]
[BlackElo "2574"]

1.e4 d6 2.d4 Nf6 3.Nc3 e5 4.Nf3 Nbd7 5.g4 Nxg4 6.Rg1 exd4 7.Nxd4 Nde5 8.Bf4 g6
9.h3 Nf6 10.Be3 Bd7 11.Qe2 Bg7 12.O-O-O O-O 13.Bg5 Re8 14.f4 Nc6 15.Nf3 Qc8
16.Qd3 Nb4 17.Qc4 a5 18.a3 b5 19.Qe2 Nc6 20.Bxf6 Bxf6 21.Nd5 Bg7 22.Qd3 b4
23.a4 Ne7 24.Nxe7+ Rxe7 25.f5 Bc6 26.Nd2 Qb7 27.Bg2 Qb6 28.Nc4 Qc5 29.fxg6 hxg6
30.Kb1 Rae8 31.Rge1 Bxa4 32.Ne3 Bc6 33.Nd5 Bxd5 34.Qxd5 Re5 35.Qxc5 Rxc5
36.Rf1 a4 37.Rd3 Be5 38.Rdf3 f6 39.h4 Ra8 40.R1f2 Rc4 41.Re2 Rd4 42.Rf1 a3
43.c3 Rc4 44.Rc1 a2+ 45.Ka1 bxc3  0-1

[Event "1st WMSG Rapid Team"]
[Site "Beijing CHN"]
[Date "2008.10.16"]
[Round "7"]
[White "Ragger,M"]
[Black "Likavsky,T"]
[Result "1-0"]
[WhiteElo "2518"]
[BlackElo "2498"]

1.e4 d6 2.d4 Nf6 3.Nc3 e5 4.dxe5 dxe5 5.Qxd8+ Kxd8 6.Bg5 Be6 7.O-O-O+ Nd7
8.f4 exf4 9.Nf3 h6 10.Bxf4 Ng4 11.Bg3 Bc5 12.Nb5 Bb6 13.Nbd4 Ke7 14.Re1 Rhe8
15.h3 Ngf6 16.Nxe6 fxe6 17.Bc4 Nh5 18.Bh4+ g5 19.Nxg5 hxg5 20.Bxg5+ Kf7 21.g4 Ng3
22.Rh2 Ne5 23.Bb5 c6 24.Bf4 Nf3 25.Bxg3 Nxh2 26.Bc4 Nxg4 27.hxg4 Rh8 28.Be5 Rh3
29.Rf1+ Ke7 30.Bf6+ Kd7 31.Rd1+ Ke8 32.b3 Bd8 33.e5 Bxf6 34.exf6 Kf7 35.g5 Kg6
36.Bxe6 Re3 37.Bc4 Kxg5 38.f7 Re7 39.Rg1+ Kf6 40.Rg8 Rxf7 41.Bxf7 Rxg8 42.Bxg8  1-0

[Event "1st WMSG Rapid Team w"]
[Site "Beijing CHN"]
[Date "2008.10.16"]
[Round "7"]
[White "Xu Yuhua"]
[Black "Gara,A"]
[Result "0-1"]
[WhiteElo "2477"]
[BlackElo "2312"]

1.e4 d6 2.d4 Nf6 3.Nc3 e5 4.Nf3 Nbd7 5.Bc4 Be7 6.O-O O-O 7.a4 c6 8.h3 h6
9.Qe2 Re8 10.dxe5 dxe5 11.Rd1 Qc7 12.Nh4 Nf8 13.Rd3 Be6 14.Bxe6 Nxe6 15.Nf5 Bf8
16.Rg3 Kh7 17.Qf3 Nf4 18.Ne2 N4h5 19.Rg4 Nxg4 20.hxg4 Nf4 21.Nxf4 exf4 22.Bxf4 Qb6
23.b3 Rad8 24.g5 Re6 25.gxh6 g6 26.Ne3 Qd4 27.Rd1 Qf6 28.Rxd8 Qxd8 29.Ng4 f5
30.exf5 gxf5 31.Ne3 Qf6 32.Qh3 Bd6 33.Bxd6 Rxd6 34.Nxf5 Rd1+ 35.Kh2 Rd2 36.Qf3 Qe5+
37.Qg3 Qxg3+ 38.Kxg3 Rxc2 39.f4 Rc3+ 40.Kg4 Rxb3 41.Kg5 c5 42.g4 c4 43.Kh5 Rh3+
44.Nh4 c3 45.g5 Rxh4+  0-1

[Event "1st WMSG Rapid Team"]
[Site "Beijing CHN"]
[Date "2008.10.16"]
[Round "8"]
[White "Lyell,M"]
[Black "Briestensky,R"]
[Result "0-1"]
[WhiteElo "2248"]
[BlackElo "2383"]

1.e4 d6 2.d4 Nf6 3.Nc3 c6 4.h3 b5 5.Bd3 e5 6.Nf3 Qc7 7.O-O a6 8.Be3 Bb7 9.Ne2 Nbd7
10.Ng3 g6 11.Qd2 h5 12.Rfe1 Bg7 13.a4 exd4 14.Bxd4 Ne5 15.Nxe5 dxe5 16.Be3 O-O
17.Bh6 Nh7 18.Bxg7 Kxg7 19.Qc3 Qe7 20.Nf1 Rfd8 21.Ne3 Qd6 22.b3 Qd4 23.Qa5 Ng5
24.Rad1 Qc5 25.b4 Qe7 26.Qb6 Ne6 27.c4 bxa4 28.Ra1 Rxd3 29.Rxa4 Qc7 30.Qa5 Qxa5
31.Rxa5 f6 32.Rea1 Rb3 33.Nc2 Nd4 34.Nxd4 exd4 35.Rd1 Rd8 36.b5 cxb5  0-1

[Event "1st WMSG Rapid Team"]
[Site "Beijing CHN"]
[Date "2008.10.16"]
[Round "9"]
[White "Chan Wei Xuan,T"]
[Black "Czebe,A"]
[Result "0-1"]
[WhiteElo "2264"]
[BlackElo "2468"]

1.e4 d6 2.d4 Nf6 3.Nc3 e5 4.Nf3 Nbd7 5.g4 Nxg4 6.Rg1 Ngf6 7.Bc4 h6 8.Qd3 c6
9.Be3 b5 10.Bb3 Qa5 11.Nh4 Ba6 12.Qd1 b4 13.Na4 Bb5 14.c4 bxc3 15.Nxc3 Nxe4
16.Bd2 Nxd2 17.Qxd2 d5 18.O-O-O O-O-O 19.dxe5 Nxe5 20.Qd4 Nd7 21.Kb1 Bc5
22.Qf4 g5 23.Qf5 gxh4 24.Nxd5 cxd5 25.Rxd5 Bc6 26.Rd4 Rhe8 27.Rc4 Re1+  0-1